A Pali grammar for students / (Record no. 8190)

MARC details
000 -LEADER
fixed length control field 00553nam a2200205 a 4500
001 - ACCESSION NUMBER
control field 9817
003 - CONTROL NUMBER IDENTIFIER
control field CUTN
005 - DATE AND TIME OF LATEST TRANSACTION
control field 20130627100642.0
008 - FIXED-LENGTH DATA ELEMENTS--GENERAL INFORMATION
fixed length control field s2006 th 000 0 eng d
020 ## - INTERNATIONAL STANDARD BOOK NUMBER
International Standard Book Number 9749511131
020 ## - INTERNATIONAL STANDARD BOOK NUMBER
International Standard Book Number 9789749511138
040 ## - CATALOGING SOURCE
Original cataloging agency NUSCL
Transcribing agency NUSCL
090 ## - LOCALLY ASSIGNED LC-TYPE CALL NUMBER (OCLC); LOCAL CALL NUMBER (OCLC)
Classification number (OCLC) (R) ; Classification number, CALL (RLIN) (NR) PK1023
Local cutter number (OCLC) ; Book number/undivided call number, CALL (RLIN) Col 2006
100 1# - MAIN ENTRY--PERSONAL NAME
Personal name Collins, Steven.
Locally assigned cutter number (author) COL
245 12 - TITLE STATEMENT
Title A Pali grammar for students /
Statement of responsibility, etc by Steven Collins.
260 ## - PUBLICATION, DISTRIBUTION, ETC. (IMPRINT)
Place of publication, distribution, etc Chiangmai :
Name of publisher, distributor, etc Silkworm Books,
Date of publication, distribution, etc c2006.
300 ## - PHYSICAL DESCRIPTION
Extent 203 p. :
Other physical details ill. ;
Dimensions 23 cm.
650 #0 - SUBJECT ADDED ENTRY--TOPICAL TERM
Topical term or geographic name as entry element Pali language
General subdivision Grammar.
942 ## - ADDED ENTRY ELEMENTS (KOHA)
Source of classification or shelving scheme Dewey Decimal Classification
Koha item type General Books
Holdings
Date last seen Total Checkouts Full call number Barcode Copy number Price effective from Koha item type Lost status Source of classification or shelving scheme Damaged status Not for loan Withdrawn status Home library Current library Shelving location Date acquired
27/06/2013   491.375 9817 1 27/06/2013 General Books   Dewey Decimal Classification       CUTN Central Library CUTN Central Library Languages 27/06/2013